Países de Asia por Población - Estadísticas

Estadísticas generales
  • Esta prueba ha sido intentada 401 veces
  • La puntuación promedio es 29 de 48
Estadísticas de respuestas
Población País % Correcto
1,433,867,098 China
100%
1,428,624,068 India
99%
277,533,329 Indonesia
97%
240,484,665 Pakistán
95%
123,295,186 Japón
93%
172,953,505 Bangladés
92%
98,858,818 Vietnam
92%
117,336,504 Filipinas
88%
89,172,813 Irán
85%
71,800,973 Tailandia
84%
34,449,792 Yemen
83%
35,163,856 Uzbekistan
77%
85,815,876 Turquía
75%
51,784,010 Corea del Sur
73%
45,504,719 Irak
73%
30,896,905 Nepal
72%
42,239,689 Afganistán
67%
36,946,853 Arabia Saudita
67%
54,577,890 Myanmar
65%
19,606,943 Kazajistán
64%
26,160,976 Corea del Norte
63%
4,643,982 Omán
61%
11,336,990 Jordania
60%
6,734,972 Kirguistán
60%
34,308,899 Malasia
59%
7,633,972 Laos
58%
23,226,686 Siria
54%
452,999 Brunéi
52%
16,944,951 Camboya
51%
23,922,992 Taiwán
50%
9,174,963 Israel
48%
4,309,990 Kuwait
48%
10,412,986 Azerbaiyán
47%
786,999 Bután
47%
3,728,004 Georgia
45%
10,143,950 Tayikistán
45%
6,014,990 Singapur
43%
9,516,980 Emiratos Árabes Unidos
42%
6,515,978 Turkmenistán
42%
1,485,997 Baréin
41%
2,778,000 Armenia
40%
21,893,984 Sri Lanka
40%
5,354,039 Líbano
39%
1,360,995 Timor Oriental
38%
2,715,995 Catar
37%
521,001 Maldivas
36%
3,446,988 Mongolia
36%
1,259,998 Chipre
20%
No se encontraron pruebas coincidentes
Distribución de puntuación
Porcentaje de gente con cada puntuación
Porcentaje por número respondido
Historial de tus puntuaciones
No has intentado esta prueba.